000 00887nam a2200241 i 4500
001 81861
003 ES-MaACL
005 20230906174527.0
007 t|
008 041108s1972 sp ||||1| spa d
100 1 _aIglesias Prada, Juan Luis.
_965131
245 1 0 _aComunidad Económica Europea
_b: razones y ejemplos de los obstáculos para la admisión de España /
_cJosé Luis Iglesias [i.e. Juan Luis Iglesias].
260 _aMadrid :
_bCuadernos para el Diálogo,
_c1972.
300 _a50 p. ;
_c27 cm.
490 1 _aLos suplementos ;
_v34
610 2 4 _aComunidades Europeas-
_zEspaña.
_93140
610 2 4 _aComunidad Económica Europea-
_zEspaña.
_9138795
651 _aEspaña-
_xPolítica exterior-
_y1939-1975.
_98425
710 2 _aCuadernos para el Diálogo.
_93333
830 1 _aLos suplementos ;
_v34
_9181306
852 _aES-MaACL
_jC-47723
999 _c81861
_d81861